000
00260nam a22001217a 4500
040
_c
SCME
100
_a
B.SMurty,J.W.Yeh
_9
122447
245
_a
High-Entropy Alloys
250
_a
2nd ed.
260
_a
US
_b
Elesvier
_c
2019
300
_a
363p.
942
_2
ddc
_c
BK
999
_c
608941
_d
608941